Efektivnost investic metody vyjadřování a hodnocení efektivnosti investic v národním hospodářství, ve VHJ a v podnicích

Salvato in:
Dettagli Bibliografici
Autore principale: Hnilica, Václav
Altri autori: Říha, Ladislav
Natura: Libro
Lingua:ceco
Pubblicazione: Praha Práce 1978
Serie:Člověk a práce
Tags: Aggiungi Tag
Nessun Tag, puoi essere il primo ad aggiungerne!!

MARC

LEADER 00000nam a2200000 4500
001 c120121
005 20050302095227.8
041 0 |a cze 
044 |a CZ 
245 1 0 |a Efektivnost investic  |b metody vyjadřování a hodnocení efektivnosti investic v národním hospodářství, ve VHJ a v podnicích  |c Václav Hnilica, Ladislav Říha 
264 1 |a Praha  |b Práce  |c 1978 
300 |a 428 s.  |e 1 tab. príl. 
490 1 |a Člověk a práce 
830 0 |a Člověk a práce 
100 1 |a Hnilica, Václav 
700 1 |a Říha, Ladislav